[Event "Montreal Lawson Memorial"]
[Site "Montreal"]
[Date "2002.12.22"]
[Round "4"]
[White "Panayotov, Ivo"]
[Black "Maher, Shili"]
[Result "1/2-1/2"]
[WhiteElo "1555"]
[BlackElo "1750"]
[PlyCount "102"]
[EventDate "2002.12.20"]
[EventType "swiss"]
[EventRounds "4"]
[EventCountry "CAN"]
[SourceTitle "EXT 2006"]
[Source "ChessBase"]
[SourceDate "2005.11.24"]
[SourceVersion "1"]
[SourceVersionDate "2005.11.24"]
[SourceQuality "1"]

1. e4 e6 2. d4 d5 3. Nd2 dxe4 4. Nxe4 Nf6 5. Bg5 Be7 6. Bxf6 Bxf6 7. c3 b6 8. Bb5+ Bd7 9. Bd3 Bc6 10. Nf3 Nd7 11. 0-0 0-0 12. Re1 g6 13. Nxf6+ Nxf6 14. Ne5 Bb7 15. Be2 Kg7 16. Bf3 Bxf3 17. Qxf3 a5 18. a4 h5 19. h3 Qd5 20. Qxd5 Nxd5 21. Nc6 Rfe8 22. Kf1 Ne7 23. Nxe7 Rxe7 24. f4 f6 25. Re4 Rd8 26. Rd1 Kf7 27. b3 c5 28. Rd3 Red7 29. Ke2 cxd4 30. Rexd4 Rxd4 31. Rxd4 Rxd4 32. cxd4 Ke7 33. Kd3 Kd6 34. Kc4 h4 35. Kb5 Kd5 36. Kxb6 Kxd4 37. Kxa5 e5 38. fxe5 fxe5 39. Kb6 e4 40. a5 e3 41. a6 e2 42. a7 e1Q 43. a8Q Qe6+ 44. Kc7 Qe7+ 45. Kb6 Qe6+ 46. Kc7 Qe7+ 47. Kb6 Qc5+ 48. Kb7 Qd5+ 49. Ka7 Qc5+ 50. Kb7 Qd5+ 51. Ka7 Qa5+ 1/2-1/2